000 01209pam a2200373 a 4500
001 2563126
003 OSt
005 20140310184448.0
008 951226s1997 nyua j 000 1 eng
010 _a 95052861
020 _a0439099145
040 _aDLC
_cDLC
_dDLC
042 _alcac
050 0 0 _aPZ 7
_b.B82816Eag 1999
100 1 _aBruchac, Joseph,
_d1942-
_927862
245 1 0 _aEagle song /
_cJoseph Bruchac ; pictures by Dan Andreasen.
250 _a1st ed.
260 _aNew York :
_bDial Books for Young Readers,
_c1999.
300 _a80 p. :
_bill. ;
_c22 cm.
521 _aG4
526 _c680
650 0 _aMohawk Indians
_xJuvenile fiction.
_927863
650 1 _aMohawk Indians
_xFiction.
_927864
650 1 _aIndians of North America
_xFiction.
_927865
650 1 _aMoving, Household
_xFiction.
_927866
650 1 _aPrejudices
_xFiction.
_927867
650 1 _aSchools
_xFiction.
_927868
700 1 _aAndreasen, Dan,
_eill.
_927869
906 _a7
_bcbc
_corignew
_d1
_eocip
_f19
_gy-gencatlg
942 _2lcc
_cBK-SCHOLAS
999 _c34546
_d34546